000 00325nam a22001337a 4500
008 170927b xxu||||| |||| 00| 0 eng d
020 _a9780735567412
041 _aeng
080 _25 ED
_a37
100 _a47
101 _aEDU
245 _aTHE LEGAL RESEARCH AND WRITING WORKBOOOK
_cYELIN.A.B
942 _2udc
_cBK
999 _c30285
_d30285